000 nam a22 7a 4500
999 _c9826
_d9826
008 180208b ||||| |||| 00| 0 eng d
100 _aChesterton, G K
_95915
245 _aThe complete father brown
260 _aNew Delhi
_bWordsworth Publication
_c2006